01409nam a2200217 a 450000100100000000500170001000800410002702000200006802000230008804000250011108200160013624500780015226000340023030000360026450507540030065000230105465000200107765000220109765000210111970000510114000000028420250612112101.0081124s1997 es ac 001 0 spa d a848016350X (ob) a9788480163507 (ob) aDO-SdBNPbspacBNPHU aR909bH673h00aHistoria de la humanidad /cPierre Marchand, director general de la obra. aBarcelona :bLarousse,c1997. a20 v. :bil. , retrs. ;c31 cm.2 gV.1.tDel Big-Bang al Homo sapiens.--gv.2.tLas primeras civilizaciones. --gv.3.tEgipto y Grecia antigua. --gv.4.tHistoria de la Roma antigua. --gv.5tLos inicios de la Edad Media. --gV.6.tLa época del feudalismo. --gv.7.tAsia, África y América. --gv.8.tLa era de los descubrimientos.--gv.9.tRenacimiento y Humanismo. --gv.10.tLos siglos XVI y XVII. --gv.11.tIlustración y revolución.--gv.12.tLos inicios del siglo XIX.--gv.13.tEl origen del capitalismo. --gv. 14.tUn mundo en evolución. --gv.15.tImperios y colonias.--gv.16.tEl final de una era. --gv.17.tLos inicios del siglo XX. --gv .18.tEl mundo contemporáneo.--gv. 19.tLos grandes desafíos del siglo XX.50.--gv.20.tLos albores del siglo XXI. 0aHistoria universal 4aHitoria antigua 4aHistoria medieval 0aHistoria moderna1 aMarchand, Pierre,edirector general de la obra